| 000 | 01241nam0a2200313 4500 | ||
|---|---|---|---|
| 001 | RU\NLR\BIBL_A\012389568 | ||
| 005 | 20250624023424.0 | ||
| 010 | _a978-5-91522-126-9 | ||
| 035 | _a(NLR Aleph) 012389568 | ||
| 090 |
_a11668551 _c11668551 |
||
| 100 | _a20201027d2009 |||y0rusy50 ca | ||
| 101 | 0 | _arus | |
| 102 | _aRU | ||
| 105 | _aac z 000zy | ||
| 181 | 0 |
_ai _baxxe |
|
| 182 | 0 | _an | |
| 200 | 1 |
_aКозьмодемьянск _e[исторический очерк _fтекст Н. Б. Седовой] |
|
| 203 |
_aТекст _bвизуальный _cнепосредственный |
||
| 210 |
_aМосква _cНаучный мир _d2009 |
||
| 215 |
_a39, [1] с. _cил., портр., цв. ил. _d25 |
||
| 225 | 1 | _aПо городам России | |
| 300 | _aАвт. указан на 2-й с. обл. | ||
| 607 |
_aКозьмодемьянск, город (Марийская Республика) _jФотоальбомы _xИстория _92284011 _3RU\NLR\AUTH\661368266 |
||
| 686 | 1 | _aТ3(2Р-6М-2К)я61 | |
| 700 | 1 |
_aСедова _bН. Б. _gНаталья Борисовна |
|
| 942 | _cBOOK | ||
| 980 | _aNB | ||